000 00848nam a22002177a 4500
005 20100722120539.0
010 _aENG-96440
020 _a0195698754
_c795.00
020 _a9780195698756
_c795.00
035 _aEN-79973
037 _bDBAD/PUB
082 _a616.8910954
245 _aRestoring mental health in India :
_bpluralistic therapies and concepts /
_cedited by Brigitte Sebastia
260 _aNew Delhi
_bOxford University Press
_c2009
270 _aYMCA Library Building, Jai Singh Road
_bNew Delhi
_e110001
300 _aviii, 318 p.
_c23cm.(Hb)
500 _aIncludes index
700 _aSebastia, Brigitte
_9667
942 _2ddc
_cEN
_mRES
_h616.8910954
999 _c37187
_d37187